000 00552nam a22001937a 4500
003 OSt
008 260505b |||||||| |||| 00| 0 eng d
082 _a633.18
_bK98E
100 _aKumar, Rajan.
245 _aEffect of Irrigation and Mechanical Weeding on Growth, Yield and Quality of Rice Under System of Rice Intensification /
_cby Rajan Kumar
260 _a.- Pusa, Samastipur
_b: RAU
_c, 2012
300 _a78p.
502 _bPh. D.
_d2012
650 _aAgronomy
650 _aRice
650 _aThesis
650 _aPh. D.
942 _2ddc
_cT
999 _c50443
_d50443